000 00326nam a2200133Ia 4500
008 191201s2007 xx 000 0 und d
082 _a005.133
_bKAT
100 _aKANETKAR Yashavant
245 0 _aTest Your C ++ Skills
260 _aN.Delhi
_bBPB Publication
_c2007
300 _a461
650 _aB.Tech(IT)
942 _2ddc
_cBK
999 _c2810
_d2810